| 000 | 01063cam a2200241 4500 | ||
|---|---|---|---|
| 001 | ABS67347 | ||
| 008 | 031222n2003 000 0 eng u | ||
| 035 | _a(Sirsi) u124681 | ||
| 100 | _aVass, J. | ||
| 245 | _aHousing and mortgage markets in the third quarter 2003 | ||
| 260 | _c2003 | ||
| 490 |
_aCML Housing Finance _v(60) Winter 2003, 3-12(10) |
||
| 520 | _aCommentary on the UK housing and mortgage markets in the third quarter 2003. Provides a general analysis of the economy including the labour market, inflation and interest rates. Looks in detail at the housing market and mortgage lending. Concludes with an overview of policy developments. Statistical charts cover economic growth, employment and unemployment, house price growth, approvals and advances, remortgaging. | ||
| 590 | _aABS | ||
| 650 | _aECONOMY | ||
| 650 | _aMORTGAGE LENDING | ||
| 650 | _aHOUSE PRICES | ||
| 650 | _aREMORTGAGING | ||
| 650 | _aMORTGAGE MARKET | ||
| 650 | _aSTATISTICS | ||
| 690 | _aPROPERTY-RESIDENTIAL PROPERTY-RESIDENTIAL PROPERTY MARKET | ||
| 942 | _n0 | ||
| 999 |
_c73995 _d73995 |
||